000 01003cam a22003257a 4500
003 CHAP
005 20220817042348.0
008 971013s1973 r 00010 d
010 _a42228
011 _a43200
035 _a47336
040 _cCHAP
090 _aFolleto 1962
110 _aE.U.A. Department of Agriculture
_934876
245 1 3 _aEl moscardón ; cómo combatirlo
260 _aMéxico, D. F. :
_bCentro Regional de Ayuda Técnica,
_c(1973)
300 _a6 p.
_b: ilus.
490 0 _aFolleto
_v; 450
590 _aBATCH-UPD
_b10
_c20130110
_lUCH01
_h0014
590 _aBATCH-UPD
_b10
_c20130110
_lUCH01
_h1703
590 _aBATCH-UPD
_b10
_c20130409
_lUCH01
_h1952
590 _aBATCH-UPD
_b10
_c20130914
_lUCH01
_h1423
590 _aCONVERSION
_b10
_c20130109
_lUCH01
_h1323
650 1 4 _aGanado caballar
_xParásitos.
_944981
650 1 4 _aGasterophilus.
_947246
830 0 _aFolleto
_v; 450
901 _aBK
942 _cFOLL
949 _aFolleto 1962
_bBC
_cFOLL
_d-107620
_eTS1
_i47336
_si
999 _c42228
_d42228